00221nam a2200085Ia 450000100070000000500170000700800410002424500600006526000100012564756420250826153705.0250824s9999 xx 000 0 und d 0aKocakafa Nate 1/Sınıfta Tek BaşınacLincoln Peirce bALTIN